Statistics for European Long-Haul Airlines

Click here to take the quiz!

General Stats

  • This quiz has been taken 44 times
  • The average score is 17 of 32

Answer Stats

Answer% Correct
Lufthansa
93%
Aer Lingus
89%
British Airways
89%
KLM
89%
Swiss
89%
Austrian
85%
ITA
85%
SAS
85%
LOT
81%
Aeroflot
78%
AirFrance
78%
FinnAir
70%
Turkish
70%
Iceland Air
59%
AirSERBIA
56%
Iberia
56%
TAP
56%
Brussels Airlines
48%
Eurowings
48%
Virgin Atlantic
48%
Rossiya
44%
Norse
41%
Condor
37%
TUI
37%
FrenchBee
33%
Air Europa
30%
Red Wings
30%
Air Belgium
15%
Neos
11%
CorsAir
7%
SmartLynx
4%
Southwind Airlines
4%

Score Distribution

Percentile by Number Answered

Percent of People with Each Score

Your Score History

You have not taken this quiz